[Event "14th Iranian Super League (Men - 1st Season) 2015 "]
[Site "Mazandaran (Sari)"]
[Date "2015.07.18"]
[Round "3"]
[Board "1"]
[White "Guseinov, Gadir"]
[Black "Bagheri, Amir"]
[Result "1-0"]
[WhiteElo "2616"]
[BlackElo "2392"]
[PlyCount "0"]
[EventDate "2015.07.17"]
[EventType "team"]
[EventRounds "13"]
[EventCountry "IRI"]
[WhiteTeam "Shahrdari Tabriz"]
[BlackTeam "Esteghlal Tehran"]

1. e4 {[%clk 1:24:26]} c6 {[%clk 1:30:55]} 2. d4 {[%clk 1:24:43]} d5
{[%clk 1:30:34]} 3. Nd2 {[%clk 1:25:06]} dxe4 {[%clk 1:30:38]} 4. Nxe4
{[%clk 1:25:32]} Nd7 {[%clk 1:30:39]} 5. Ng5 {[%clk 1:25:36]} Ngf6
{[%clk 1:30:29]} 6. Bd3 {[%clk 1:25:54]} e6 {[%clk 1:30:13]} 7. N1f3
{[%clk 1:26:17]} Bd6 {[%clk 1:29:49]} 8. Qe2 {[%clk 1:26:41]} h6 {[%clk 1:28:38]}
9. Ne4 {[%clk 1:27:05]} Nxe4 {[%clk 1:28:54]} 10. Qxe4 {[%clk 1:27:31]} Qc7
{[%clk 1:27:53]} 11. O-O {[%clk 1:26:13]} b6 {[%clk 1:26:51]} 12. Qg4
{[%clk 1:26:38]} Kf8 {[%clk 1:26:44]} 13. b3 {[%clk 1:27:03]} c5 {[%clk 1:18:15]}
14. dxc5 {[%clk 1:26:31]} Nxc5 {[%clk 1:13:50]} 15. Bb2 {[%clk 1:26:44]} e5
{[%clk 1:13:12]} 16. Bf5 {[%clk 1:27:08]} h5 {[%clk 1:12:51]} 17. Qh3
{[%clk 1:27:33]} Ne6 {[%clk 1:12:58]} 18. Nh4 {[%clk 1:24:03]} Rh6
{[%clk 0:38:42]} 19. Rad1 {[%clk 1:19:02]} Rf6 20. Qe3 {[%clk 1:14:21]} g6
{[%clk 0:25:06]} 21. Rxd6 {[%clk 1:11:01]} Qxd6 {[%clk 0:22:53]} 22. Bxe5
{[%clk 1:11:03]} Qc5 {[%clk 0:22:05]} 23. Bxf6 {[%clk 1:02:49]} Qxe3
{[%clk 0:21:57]} 24. fxe3 {[%clk 1:03:08]} gxf5 {[%clk 0:22:23]} 25. Rxf5
{[%clk 1:03:30]} 1-0

[Event "14th Iranian Super League (Men - 1st Season) 2015 "]
[Site "Mazandaran (Sari)"]
[Date "2015.07.18"]
[Round "3"]
[Board "2"]
[White "Darini, Pouria"]
[Black "Ghaem Maghami, Ehsan"]
[Result "1/2-1/2"]
[WhiteElo "2479"]
[BlackElo "2570"]
[PlyCount "0"]
[EventDate "2015.07.17"]
[EventType "team"]
[EventRounds "13"]
[EventCountry "IRI"]
[WhiteTeam "Esteghlal Tehran"]
[BlackTeam "Shahrdari Tabriz"]

1. e4 e5 2. Nf3 Nc6 3. Bb5 a6 4. Ba4 Nf6 5. O-O Be7 6. d3 d6 7. c4 Bg4 8. Be3 Nd7
9. Nbd2 O-O 10. h3 Be6 11. Bxc6 bxc6 12. d4 f5 13. dxe5 Nxe5 14. Nxe5 dxe5 15.
exf5 Bxf5 16. Nf3 Bd3 17. Re1 Bf6 18. Bc5 Re8 19. Nd4 e4 20. Nxc6 Qd7 21. Nb4
Bxb2 22. Rb1 Bd4 23. Nxd3 exd3 24. Bxd4 Qxd4 25. Qg4 Qc3 26. Rxe8+ Rxe8 27. Qd7
Re1+ 28. Rxe1 Qxe1+ 29. Kh2 d2 30. Qd8+ Kf7 31. Qxc7+ Ke6 32. Qc6+ Ke7 33. Qc7+
Kf6 34. Qd6+ Kf7 35. Qd7+ Kf6 36. Qd6+ Kf7 37. Qd7+ 1/2-1/2

[Event "14th Iranian Super League (Men - 1st Season) 2015 "]
[Site "Mazandaran (Sari)"]
[Date "2015.07.18"]
[Round "3"]
[Board "3"]
[White "Golizadeh, Asghar"]
[Black "Toufighi, Homayoon"]
[Result "1/2-1/2"]
[WhiteElo "2448"]
[BlackElo "2399"]
[PlyCount "0"]
[EventDate "2015.07.17"]
[EventType "team"]
[EventRounds "13"]
[EventCountry "IRI"]
[WhiteTeam "Shahrdari Tabriz"]
[BlackTeam "Esteghlal Tehran"]

1. d4 {[%clk 1:23:31]} e6 {[%clk 1:30:59]} 2. Nf3 {[%clk 1:23:26]} f5
{[%clk 1:29:56]} 3. g3 {[%clk 1:22:16]} b6 {[%clk 1:29:30]} 4. Bg2
{[%clk 1:21:58]} Bb7 {[%clk 1:29:59]} 5. O-O {[%clk 1:20:33]} Nf6
{[%clk 1:30:27]} 6. c4 {[%clk 1:20:57]} Be7 {[%clk 1:29:39]} 7. d5
{[%clk 1:21:03]} O-O {[%clk 1:27:33]} 8. Nd4 {[%clk 1:20:28]} Bc5
{[%clk 1:19:47]} 9. Nc3 {[%clk 1:16:04]} Qe8 {[%clk 1:01:07]} 10. Ndb5
{[%clk 1:11:59]} Na6 {[%clk 1:01:22]} 11. dxe6 {[%clk 0:57:57]} Bxg2
{[%clk 1:01:34]} 12. exd7 {[%clk 0:58:19]} Qxd7 {[%clk 0:53:04]} 13. Qxd7
{[%clk 0:52:42]} Nxd7 14. Kxg2 {[%clk 0:52:42]} c6 15. Rd1 Ne5 16. Nd4
{[%clk 0:50:08]} Bxd4 {[%clk 0:51:24]} 17. Rxd4 {[%clk 0:50:31]} c5
{[%clk 0:51:48]} 18. Rh4 {[%clk 0:43:10]} Rad8 {[%clk 0:50:06]} 19. b3
{[%clk 0:41:27]} Ng6 {[%clk 0:48:32]} 20. Rh5 {[%clk 0:41:12]} Nb4
{[%clk 0:48:44]} 1/2-1/2

[Event "14th Iranian Super League (Men - 1st Season) 2015 "]
[Site "Mazandaran (Sari)"]
[Date "2015.07.18"]
[Round "3"]
[Board "1"]
[White "Pashikian, Arman"]
[Black "Mahjoob Zardast, Morteza"]
[Result "1-0"]
[WhiteElo "2612"]
[BlackElo "2392"]
[PlyCount "0"]
[EventDate "2015.07.17"]
[EventType "team"]
[EventRounds "13"]
[EventCountry "IRI"]
[WhiteTeam "Sipa"]
[BlackTeam "Perspolis Tehran"]

1. d4 {[%clk 1:30:58]} d6 {[%clk 1:30:48]} 2. e4 {[%clk 1:31:05]} Nf6
{[%clk 1:31:12]} 3. Nc3 {[%clk 1:31:31]} g6 {[%clk 1:31:37]} 4. f4
{[%clk 1:31:22]} Bg7 {[%clk 1:32:01]} 5. Nf3 {[%clk 1:31:49]} O-O
{[%clk 1:32:26]} 6. e5 {[%clk 1:32:13]} dxe5 {[%clk 1:32:52]} 7. fxe5
{[%clk 1:32:35]} Nd5 {[%clk 1:33:15]} 8. Bc4 {[%clk 1:32:20]} Be6
{[%clk 1:33:39]} 9. Bxd5 {[%clk 1:31:58]} Bxd5 {[%clk 1:34:00]} 10. Nxd5
{[%clk 1:32:23]} Qxd5 {[%clk 1:34:26]} 11. Qe2 {[%clk 1:32:23]} f5
{[%clk 1:34:54]} 12. c4 {[%clk 1:26:49]} Qe4 {[%clk 1:34:57]} 13. Be3
{[%clk 1:07:49]} c5 {[%clk 1:31:51]} 14. Ng5 {[%clk 1:04:43]} Qh4+
{[%clk 1:32:08]} 15. g3 {[%clk 1:04:26]} Qg4 {[%clk 1:32:36]} 16. Qxg4
{[%clk 0:55:29]} fxg4 {[%clk 1:33:03]} 17. Ne6 {[%clk 0:47:42]} Rf3
{[%clk 1:29:48]} 18. Ke2 {[%clk 0:44:18]} cxd4 {[%clk 1:26:16]} 19. Nxd4
{[%clk 0:44:19]} Rf7 {[%clk 1:21:26]} 20. e6 {[%clk 0:43:12]} Rf8
{[%clk 1:21:53]} 21. Rad1 a5 {[%clk 1:09:11]} 22. Rhf1 {[%clk 0:31:04]} Ra6
{[%clk 1:02:46]} 23. Rxf8+ {[%clk 0:30:56]} Bxf8 {[%clk 1:03:14]} 24. Bf4
{[%clk 0:28:31]} Nc6 {[%clk 1:00:00]} 25. Nb5 {[%clk 0:28:50]} g5
{[%clk 0:57:21]} 26. Bxg5 {[%clk 0:24:49]} Ne5 {[%clk 0:57:49]} 27. Rd8
{[%clk 0:16:00]} Rxe6 {[%clk 0:29:54]} 28. Nd4 {[%clk 0:16:21]} Rd6
{[%clk 0:25:20]} 29. Rxd6 {[%clk 0:15:04]} exd6 {[%clk 0:25:44]} 30. b3
{[%clk 0:15:26]} a4 {[%clk 0:25:28]} 31. Ke3 {[%clk 0:14:41]} axb3
{[%clk 0:25:51]} 32. axb3 {[%clk 0:15:07]} Kf7 {[%clk 0:24:28]} 33. Ke4
{[%clk 0:14:54]} Nd7 {[%clk 0:18:57]} 34. Kf5 {[%clk 0:13:28]} Nc5
{[%clk 0:15:12]} 35. Be3 {[%clk 0:09:06]} Nd3 {[%clk 0:10:17]} 36. Kxg4
{[%clk 0:09:01]} d5 {[%clk 0:10:34]} 37. cxd5 {[%clk 0:08:39]} Nb4
{[%clk 0:10:58]} 38. Kf5 {[%clk 0:08:29]} Nxd5 {[%clk 0:11:23]} 39. Bd2
{[%clk 0:08:39]} Bc5 {[%clk 0:09:10]} 40. Nf3 {[%clk 0:07:42]} Ne7+
{[%clk 0:08:17]} 41. Ke4 {[%clk 0:07:45]} Ba3 {[%clk 0:06:54]} 42. Ng5+
{[%clk 0:07:36]} Kg6 {[%clk 0:07:19]} 43. Ne6 {[%clk 0:08:02]} Nc6
{[%clk 0:07:03]} 44. Nf4+ {[%clk 0:06:38]} Kf7 {[%clk 0:07:22]} 45. g4
{[%clk 0:06:19]} Bd6 {[%clk 0:07:35]} 46. h3 {[%clk 0:06:34]} Ne7
{[%clk 0:05:00]} 47. h4 {[%clk 0:05:48]} Bb8 {[%clk 0:04:39]} 48. h5
{[%clk 0:05:55]} Bd6 {[%clk 0:04:15]} 49. Nh3 {[%clk 0:06:10]} Nc6
{[%clk 0:04:06]} 50. Ng5+ {[%clk 0:06:24]} Kg8 {[%clk 0:04:35]} 51. Bc3
{[%clk 0:06:38]} Ne7 {[%clk 0:03:06]} 52. Ne6 {[%clk 0:06:04]} Nc6
{[%clk 0:01:45]} 53. Kd5 {[%clk 0:05:52]} Bb4 {[%clk 0:01:21]} 54. Bxb4
{[%clk 0:03:21]} Nxb4+ {[%clk 0:01:46]} 55. Kc5 {[%clk 0:03:46]} Nd3+
{[%clk 0:01:57]} 56. Kb6 {[%clk 0:04:11]} h6 {[%clk 0:01:53]} 57. Nd4
{[%clk 0:03:18]} Kg7 {[%clk 0:01:05]} 58. Nf5+ {[%clk 0:03:25]} Kh7
{[%clk 0:01:13]} 59. Nd6 {[%clk 0:02:06]} Ne5 {[%clk 0:01:13]} 60. Kxb7
{[%clk 0:02:24]} Nxg4 {[%clk 0:01:35]} 61. b4 {[%clk 0:02:27]} Nf6
{[%clk 0:00:37]} 62. b5 {[%clk 0:02:50]} Nd5 {[%clk 0:00:37]} 63. Nf5
{[%clk 0:03:10]} Nc3 {[%clk 0:00:35]} 64. Kc6 {[%clk 0:03:24]} Na4
{[%clk 0:00:36]} 65. b6 {[%clk 0:03:49]} Nxb6 {[%clk 0:01:02]} 66. Kxb6
{[%clk 0:04:16]} Kg8 {[%clk 0:01:28]} 67. Nxh6+ {[%clk 0:04:33]} Kg7
{[%clk 0:01:56]} 68. Ng4 {[%clk 0:04:55]} 1-0

[Event "14th Iranian Super League (Men - 1st Season) 2015 "]
[Site "Mazandaran (Sari)"]
[Date "2015.07.18"]
[Round "3"]
[Board "2"]
[White "Asgarizadeh, Ahmad"]
[Black "Tari, Aryan"]
[Result "1/2-1/2"]
[WhiteElo "2417"]
[BlackElo "2499"]
[PlyCount "0"]
[EventDate "2015.07.17"]
[EventType "team"]
[EventRounds "13"]
[EventCountry "IRI"]
[WhiteTeam "Perspolis Tehran"]
[BlackTeam "Sipa"]

1. e4 {[%clk 1:30:11]} c6 {[%clk 1:30:26]} 2. d4 {[%clk 1:30:30]} d5
{[%clk 1:30:51]} 3. e5 {[%clk 1:30:09]} Bf5 {[%clk 1:30:47]} 4. Nf3
{[%clk 1:30:27]} e6 {[%clk 1:31:00]} 5. Be2 {[%clk 1:30:53]} Ne7 {[%clk 1:31:24]}
6. O-O {[%clk 1:31:04]} c5 {[%clk 1:31:50]} 7. Be3 {[%clk 1:29:58]} Nec6
{[%clk 1:31:43]} 8. dxc5 {[%clk 1:25:59]} Nd7 {[%clk 1:31:59]} 9. c4
{[%clk 1:26:23]} dxc4 {[%clk 1:32:05]} 10. Na3 {[%clk 1:26:11]} Bxc5
{[%clk 1:29:32]} 11. Nxc4 {[%clk 1:26:26]} O-O {[%clk 1:28:29]} 12. Qb3
{[%clk 1:24:32]} Na5 {[%clk 1:02:39]} 13. Nxa5 {[%clk 1:15:02]} Qxa5
{[%clk 1:02:49]} 14. Qxb7 {[%clk 1:09:51]} Bxe3 {[%clk 1:02:36]} 15. Qxd7
{[%clk 1:09:39]} Rfd8 {[%clk 1:01:32]} 16. Qb5 {[%clk 1:07:43]} Qxb5
{[%clk 0:58:49]} 17. Bxb5 {[%clk 1:08:05]} Bb6 {[%clk 0:58:35]} 18. Rac1 Be4
{[%clk 0:50:34]} 19. Rfe1 {[%clk 0:30:32]} 1/2-1/2

[Event "14th Iranian Super League (Men - 1st Season) 2015 "]
[Site "Mazandaran (Sari)"]
[Date "2015.07.18"]
[Round "3"]
[Board "3"]
[White "Maghsoodloo, Parham"]
[Black "Moosavian, S.Hamed"]
[Result "1/2-1/2"]
[WhiteElo "2411"]
[BlackElo "2341"]
[PlyCount "0"]
[EventDate "2015.07.17"]
[EventType "team"]
[EventRounds "13"]
[EventCountry "IRI"]
[WhiteTeam "Sipa"]
[BlackTeam "Perspolis Tehran"]

1. d4 {[%clk 1:30:01]} e6 {[%clk 1:30:36]} 2. Nf3 {[%clk 1:29:40]} d5
{[%clk 1:30:34]} 3. Bf4 {[%clk 1:28:19]} c6 {[%clk 1:27:04]} 4. e3
{[%clk 1:23:50]} f5 {[%clk 1:27:10]} 5. c4 {[%clk 1:23:40]} Nf6 {[%clk 1:27:27]}
6. Nc3 {[%clk 1:24:05]} Be7 {[%clk 1:27:38]} 7. h4 {[%clk 1:21:31]} Nbd7
{[%clk 1:21:24]} 8. Be2 {[%clk 1:13:22]} Ne4 {[%clk 1:19:24]} 9. Nxe4
{[%clk 1:07:52]} fxe4 {[%clk 1:18:38]} 10. Ng5 {[%clk 1:07:57]} Bb4+
{[%clk 1:12:29]} 11. Kf1 {[%clk 1:07:59]} Qe7 {[%clk 1:12:52]} 12. cxd5
{[%clk 0:43:54]} exd5 {[%clk 1:11:19]} 13. Bh5+ {[%clk 0:43:21]} g6
{[%clk 1:10:32]} 14. Bg4 {[%clk 0:43:49]} h6 15. Ne6 {[%clk 0:42:02]} Ba5
{[%clk 1:02:06]} 16. Nc5 {[%clk 0:35:05]} Nf6 {[%clk 0:50:24]} 17. Bh3
{[%clk 0:32:42]} Bc7 {[%clk 0:48:48]} 18. Bxc7 {[%clk 0:30:50]} Qxc7
{[%clk 0:49:16]} 19. Rc1 {[%clk 0:29:13]} O-O {[%clk 0:45:03]} 20. Kg1
{[%clk 0:28:09]} Kh7 {[%clk 0:36:33]} 21. b4 {[%clk 0:27:40]} a6 {[%clk 0:35:50]}
22. a4 {[%clk 0:27:52]} h5 {[%clk 0:35:31]} 23. f3 {[%clk 0:23:00]} exf3
{[%clk 0:32:31]} 24. gxf3 {[%clk 0:23:15]} Qg3+ {[%clk 0:26:13]} 25. Bg2
{[%clk 0:23:26]} Bf5 {[%clk 0:26:11]} 26. Qe1 {[%clk 0:19:03]} Qc7
{[%clk 0:26:13]} 27. Bh3 {[%clk 0:19:24]} Rae8 {[%clk 0:25:52]} 28. Bxf5
{[%clk 0:19:17]} gxf5 {[%clk 0:26:20]} 29. Nd3 {[%clk 0:19:46]} Rg8+
{[%clk 0:25:57]} 30. Kf2 {[%clk 0:17:16]} Qg3+ {[%clk 0:20:15]} 31. Ke2
{[%clk 0:17:37]} f4 {[%clk 0:20:32]} 32. Ne5 {[%clk 0:17:32]} Qg2+
{[%clk 0:20:13]} 33. Qf2 {[%clk 0:13:48]} fxe3 {[%clk 0:19:27]} 34. Qxg2
{[%clk 0:14:06]} Rxg2+ {[%clk 0:19:56]} 35. Kxe3 {[%clk 0:14:35]} Nd7
{[%clk 0:19:55]} 36. f4 {[%clk 0:15:03]} Nxe5 {[%clk 0:19:28]} 37. dxe5
{[%clk 0:15:23]} Rg3+ 38. Kd4 Rg4 39. Rhf1 Kg6 40. Kc5 Kf5 1/2-1/2

[Event "14th Iranian Super League (Men - 1st Season) 2015 "]
[Site "Mazandaran (Sari)"]
[Date "2015.07.18"]
[Round "3"]
[Board "4"]
[White "Faghirnavaz, Ali"]
[Black "Roghani, Arash"]
[Result "1/2-1/2"]
[WhiteElo "2327"]
[BlackElo "2325"]
[PlyCount "0"]
[EventDate "2015.07.17"]
[EventType "team"]
[EventRounds "13"]
[EventCountry "IRI"]
[WhiteTeam "Perspolis Tehran"]
[BlackTeam "Sipa"]

1. c4 {[%clk 1:21:50]} e6 {[%clk 1:30:54]} 2. Nc3 {[%clk 1:21:59]} d5
{[%clk 1:31:22]} 3. d4 {[%clk 1:20:58]} Be7 {[%clk 1:30:32]} 4. Nf3
{[%clk 1:19:36]} Nf6 {[%clk 1:30:58]} 5. g3 {[%clk 1:18:58]} O-O {[%clk 1:30:26]}
6. Bg2 {[%clk 1:17:55]} c6 {[%clk 1:25:57]} 7. O-O {[%clk 1:18:10]} Nbd7
{[%clk 1:26:20]} 8. b3 {[%clk 1:11:27]} b6 {[%clk 1:24:07]} 9. Nd2
{[%clk 1:05:01]} Ba6 {[%clk 1:13:54]} 10. Re1 {[%clk 0:52:02]} b5 11. e3
{[%clk 0:30:22]} Rb8 {[%clk 0:59:57]} 12. Bf1 {[%clk 0:26:35]} Qa5
{[%clk 0:58:50]} 13. Qc2 {[%clk 0:26:08]} Rfc8 {[%clk 0:59:14]} 14. c5
{[%clk 0:23:16]} b4 {[%clk 0:56:35]} 15. Ne2 {[%clk 0:21:32]} e5 {[%clk 0:56:05]}
16. f3 {[%clk 0:17:13]} Re8 {[%clk 0:47:13]} 17. a3 {[%clk 0:14:10]} exd4
{[%clk 0:28:22]} 18. exd4 {[%clk 0:11:43]} Bb5 {[%clk 0:22:16]} 19. Bb2
{[%clk 0:07:45]} bxa3 {[%clk 0:22:29]} 20. Rxa3 {[%clk 0:06:55]} Qc7
{[%clk 0:22:57]} 21. Raa1 {[%clk 0:04:46]} Nf8 {[%clk 0:22:08]} 22. Nf4
{[%clk 0:04:08]} a6 {[%clk 0:20:00]} 23. Bc3 {[%clk 0:04:09]} Ng6
{[%clk 0:19:28]} 24. Nd3 {[%clk 0:03:49]} Nd7 {[%clk 0:16:07]} 25. Kh1
{[%clk 0:02:34]} Bf6 {[%clk 0:14:36]} 26. Rxe8+ {[%clk 0:00:33]} Rxe8
{[%clk 0:15:05]} 27. Re1 {[%clk 0:00:32]} Rxe1 {[%clk 0:12:14]} 28. Nxe1
{[%clk 0:01:01]} Ndf8 {[%clk 0:12:38]} 29. f4 {[%clk 0:00:36]} Qe7
{[%clk 0:12:39]} 30. Nef3 {[%clk 0:00:32]} Qe3 {[%clk 0:12:44]} 31. Kg2
{[%clk 0:00:35]} Ne7 {[%clk 0:12:15]} 32. Bxb5 {[%clk 0:00:37]} axb5
{[%clk 0:12:42]} 33. Nf1 {[%clk 0:00:56]} Qe6 {[%clk 0:12:13]} 34. Qd3
{[%clk 0:00:55]} g6 {[%clk 0:11:13]} 35. Ne3 {[%clk 0:00:36]} Bg7
{[%clk 0:09:57]} 36. Be1 {[%clk 0:00:33]} Qe4 {[%clk 0:07:13]} 37. Qd2
{[%clk 0:00:31]} Ne6 {[%clk 0:07:34]} 38. Nc2 {[%clk 0:01:00]} Nf5
{[%clk 0:06:20]} 39. Bf2 {[%clk 0:01:28]} h5 {[%clk 0:06:44]} 40. h4
{[%clk 0:00:41]} Bf6 {[%clk 0:06:47]} 41. Qd1 {[%clk 0:00:33]} Kg7
{[%clk 0:04:48]} 42. Kf1 {[%clk 0:00:45]} Kg8 {[%clk 0:03:18]} 43. Qe2
{[%clk 0:00:46]} Qxe2+ {[%clk 0:02:13]} 44. Kxe2 {[%clk 0:01:10]} Kf8
{[%clk 0:02:33]} 45. Kd3 {[%clk 0:01:20]} Ke8 {[%clk 0:02:48]} 46. Nb4
{[%clk 0:00:34]} Kd7 {[%clk 0:02:58]} 47. Na6 {[%clk 0:00:35]} Bg7
{[%clk 0:02:34]} 48. Nb8+ {[%clk 0:00:40]} Kc7 {[%clk 0:02:54]} 49. Na6+
{[%clk 0:01:08]} Kb7 {[%clk 0:03:06]} 50. Nb4 {[%clk 0:01:37]} f6
{[%clk 0:03:24]} 51. Nc2 {[%clk 0:01:22]} Bf8 {[%clk 0:03:48]} 52. Nd2
{[%clk 0:00:38]} Be7 {[%clk 0:04:04]} 53. Nf1 {[%clk 0:00:38]} Neg7
{[%clk 0:03:12]} 54. Ke2 {[%clk 0:00:36]} Kc7 {[%clk 0:02:56]} 55. Kf3
{[%clk 0:00:38]} Kd7 {[%clk 0:03:19]} 56. Ke2 {[%clk 0:00:47]} Ne6
{[%clk 0:03:13]} 57. Kd3 {[%clk 0:01:02]} Bd8 {[%clk 0:02:35]} 58. Be1
{[%clk 0:00:32]} g5 {[%clk 0:02:53]} 59. fxg5 {[%clk 0:00:33]} fxg5
{[%clk 0:03:22]} 60. hxg5 {[%clk 0:00:43]} Bxg5 {[%clk 0:03:31]} 61. Nh2
{[%clk 0:00:35]} Bd8 {[%clk 0:03:26]} 62. g4 {[%clk 0:00:34]} Nf4+
{[%clk 0:01:49]} 63. Kc3 {[%clk 0:00:35]} hxg4 {[%clk 0:01:44]} 64. Nxg4
{[%clk 0:01:03]} Ba5+ {[%clk 0:02:06]} 65. b4 {[%clk 0:01:19]} Bc7
{[%clk 0:02:21]} 66. Bd2 {[%clk 0:01:04]} Ne2+ {[%clk 0:02:07]} 67. Kd3
{[%clk 0:01:22]} Neg3 {[%clk 0:02:33]} 68. Nf2 {[%clk 0:01:17]} Ke6
{[%clk 0:02:57]} 69. Bg5 {[%clk 0:00:41]} Kf7 {[%clk 0:02:06]} 70. Na1
{[%clk 0:00:35]} Kg6 {[%clk 0:01:32]} 71. Bd2 {[%clk 0:00:59]} Ne7
{[%clk 0:01:40]} 72. Nb3 {[%clk 0:00:33]} Kf5 {[%clk 0:02:08]} 73. Bh6
{[%clk 0:00:36]} Ne4 {[%clk 0:02:03]} 74. Nd1 {[%clk 0:00:40]} Ke6
{[%clk 0:01:03]} 75. Na5 {[%clk 0:00:35]} Nf5 {[%clk 0:00:49]} 76. Bc1
{[%clk 0:00:34]} Kd7 {[%clk 0:01:05]} 77. Nb3 {[%clk 0:00:58]} Ke6
{[%clk 0:01:22]} 78. Ne

[Event "14th Iranian Super League (Men - 1st Season) 2015 "]
[Site "Mazandaran (Sari)"]
[Date "2015.07.19"]
[Round "4"]
[Board "1"]
[White "Asgarizadeh, Ahmad"]
[Black "Fendereski, Nima"]
[Result "1/2-1/2"]
[WhiteElo "2417"]
[BlackElo "2202"]
[PlyCount "0"]
[EventDate "2015.07.17"]
[EventType "team"]
[EventRounds "13"]
[EventCountry "IRI"]
[WhiteTeam "Perspolis Tehran"]
[BlackTeam "Donya felez Rasht"]

1. e4 {[%clk 1:27:08]} c5 {[%clk 1:30:54]} 2. Nf3 {[%clk 1:27:29]} g6
{[%clk 1:31:17]} 3. d4 {[%clk 1:27:48]} cxd4 {[%clk 1:31:38]} 4. Nxd4
{[%clk 1:28:11]} Nc6 {[%clk 1:32:00]} 5. c4 {[%clk 1:22:07]} Nf6 {[%clk 1:32:15]}
6. Nc3 {[%clk 1:21:59]} d6 {[%clk 1:32:14]} 7. Be2 {[%clk 1:20:50]} Nxd4
{[%clk 1:32:16]} 8. Qxd4 {[%clk 1:21:11]} Bg7 {[%clk 1:32:40]} 9. Be3
{[%clk 1:19:38]} O-O {[%clk 1:31:32]} 10. Qd2 {[%clk 1:17:55]} Be6
{[%clk 1:28:27]} 11. O-O {[%clk 1:12:35]} Qa5 {[%clk 1:25:35]} 12. Rac1
{[%clk 0:52:23]} Rfc8 {[%clk 1:23:18]} 13. b3 {[%clk 0:52:34]} a6
{[%clk 1:18:19]} 14. f4 {[%clk 0:48:35]} b5 {[%clk 1:13:03]} 15. f5
{[%clk 0:44:03]} Bd7 {[%clk 1:13:20]} 16. fxg6 {[%clk 0:32:26]} hxg6
{[%clk 1:11:57]} 17. e5 {[%clk 0:30:24]} b4 {[%clk 1:09:36]} 18. exf6
{[%clk 0:25:49]} bxc3 {[%clk 1:09:47]} 19. Rxc3 {[%clk 0:24:12]} Bxf6
{[%clk 1:09:46]} 20. Bd4 {[%clk 0:24:37]} Bxd4+ {[%clk 1:09:37]} 21. Qxd4
{[%clk 0:25:01]} Qc5 {[%clk 1:10:00]} 22. Qxc5 {[%clk 0:24:45]} Rxc5
{[%clk 1:10:04]} 23. Re3 {[%clk 0:25:09]} Be6 {[%clk 1:05:54]} 24. Rf4
{[%clk 0:24:53]} Rb8 {[%clk 1:03:32]} 25. Rd4 {[%clk 0:24:20]} a5
{[%clk 0:56:50]} 26. Kf2 {[%clk 0:24:05]} a4 {[%clk 0:51:13]} 27. Bf3
{[%clk 0:24:10]} Ra5 {[%clk 0:48:42]} 28. g4 {[%clk 0:18:21]} axb3
{[%clk 0:45:48]} 29. axb3 {[%clk 0:18:50]} g5 {[%clk 0:44:20]} 30. Rd2
{[%clk 0:16:44]} Kg7 {[%clk 0:41:58]} 31. h3 {[%clk 0:16:36]} Rb6
{[%clk 0:33:10]} 32. Ke1 {[%clk 0:13:47]} Ra3 {[%clk 0:32:41]} 33. Rdd3
{[%clk 0:14:06]} Ra2 {[%clk 0:32:32]} 34. Bd1 {[%clk 0:13:46]} Rb7
{[%clk 0:21:42]} 35. Rd2 {[%clk 0:12:50]} Ra1 {[%clk 0:19:34]} 36. Ke2
{[%clk 0:12:17]} Rc1 {[%clk 0:18:59]} 37. Rd4 {[%clk 0:10:24]} Ra1
{[%clk 0:15:10]} 38. Kd2 {[%clk 0:10:49]} Ra5 {[%clk 0:11:56]} 39. Bf3
{[%clk 0:10:30]} Rc7 {[%clk 0:12:04]} 40. Be4 {[%clk 0:07:28]} Re5
{[%clk 0:08:57]} 41. Bg2 {[%clk 0:06:37]} Rxe3 {[%clk 0:08:22]} 42. Kxe3
{[%clk 0:06:30]} f5 {[%clk 0:06:54]} 43. gxf5 {[%clk 0:07:09]} Bxf5
{[%clk 0:07:18]} 44. Rd5 {[%clk 0:02:10]} Kf6 {[%clk 0:06:14]} 45. Ra5
{[%clk 0:02:39]} Rc8 {[%clk 0:05:47]} 46. Kd4 {[%clk 0:02:27]} Rh8
{[%clk 0:05:22]} 47. b4 {[%clk 0:01:08]} Rh4+ {[%clk 0:05:38]} 48. Kc3
{[%clk 0:01:20]} Bxh3 {[%clk 0:04:54]} 49. Ra2 {[%clk 0:01:49]} Be6
{[%clk 0:03:08]} 50. Rf2+ {[%clk 0:02:12]} Rf4 {[%clk 0:02:58]} 51. Rxf4+
{[%clk 0:01:56]} gxf4 {[%clk 0:03:26]} 52. b5 {[%clk 0:02:21]} Bg4
{[%clk 0:02:48]} 53. Kd3 {[%clk 0:00:41]} f3 {[%clk 0:02:34]} 54. Bh1
{[%clk 0:01:08]} f2 {[%clk 0:01:49]} 55. Bg2 {[%clk 0:01:37]} Bf3
{[%clk 0:01:16]} 56. Bf1 {[%clk 0:02:05]} Ke5 {[%clk 0:01:12]} 57. Ke3
{[%clk 0:02:35]} Bb7 {[%clk 0:01:34]} 58. Kxf2 {[%clk 0:02:21]} Kd4
{[%clk 0:01:36]} 59. Bg2 {[%clk 0:02:40]} Bxg2 {[%clk 0:01:36]} 60. Kxg2
{[%clk 0:03:03]} 1/2-1/2